Simplicity : the new competitive advantage in a world of more, better, faster

Αποθηκεύτηκε σε:
Λεπτομέρειες βιβλιογραφικής εγγραφής
Κύριος συγγραφέας: Jensen, Bill, 1955-
Μορφή: Βιβλίο
Γλώσσα:English
Δημοσίευση: Cambridge, MA : Perseus Books, c2000
Θέματα:
Ετικέτες: Προσθήκη ετικέτας
Δεν υπάρχουν, Καταχωρήστε ετικέτα πρώτοι!

MARC

LEADER 00000cam a2200000 i 4500
001 1/18742
008 010320s2000 eng d
020 |a 0-7382-0210-X 
035 |l 10066598 
040 |a GR-MY-UA  |b gre  |e aacr 
041 0 |a eng 
082 0 |a 658 
100 1 |a Jensen, Bill,   |d 1955- 
245 1 0 |a Simplicity :  |b the new competitive advantage in a world of more, better, faster /  |c Bill Jensen 
260 |a Cambridge, MA :   |b Perseus Books,   |c c2000 
300 |a 221 σ. 
504 |a Includes indexes 
650 0 0 |a Industrial management. 
650 0 0 |a Simplicity. 
650 0 0 |a Competition. 
852 |a INST  |b CHIOS  |e 20010320  |h 658 JEN  |p 005200017352  |q 005200017352  |t BK  |y 0 
901 |a BIBL2-2001-1 
909 |a Χ  |b 083294 
970 |a ΣΠΕΝΤΖΑ  |b ΕΛΕΝΗ  |z 2001/03/20